000 00652nam a2200217 4500
003 OSt
005 20240625051813.0
006 a
008 240625b |||||||| |||| 00| 0 eng d
020 _a9781405190534
040 _aDWCL-Main lib.
_cOC
082 _aCirc. 306.7 S518 2011
245 _aSexualities in anthropology : a reader /
260 _aUK :
_bBlackwell, Pub. Ltd. ,
_cc2011.
300 _axii,
_b396 p. : ill. ;
_c25 cm.
504 _aIncludes bibliographical references & index.
650 _a1. Sex customs-Cross-cultural studies.
700 _aAndrew P. Lyons
700 _aHarriet D. Lyons
942 _2ddc
_n0
_cBK-CIRC
_kCirc.
999 _c1301
_d1301